World Cup 2026 Teams Sudden Death - Statistics

General Stats
  • This quiz has been taken 16 times
  • The average score is 11 of 30
Answers on the Grid
Answers color-coded by a green-red scale on the quiz's grid according to % correct below.
Germany
Switzerland
France
Italy
Greece
Norway
Sweden
Finland
Denmark
South Africa
New Zealand
Russia
Paraguy
Curaçao
China
Uzbekistan
Seychelles
Dr. Congo
Belize
Czechia
Qatar
Morocco
Scotland
Latvia
Croatia
Turkey
Iran
Jordan
Lebanon
Egypt
UK
Jamaica
Haiti
Kazakhstan
Ghana
Morocco
USA
Canada
England
Ivory Coast
Fiji
Tunisia
Algeria
Netherlands
 
Answer Stats
Answer % Correct
Germany
100%
France
82%
Switzerland
73%
Norway
55%
Sweden
55%
Croatia
36%
Egypt
36%
Morocco
36%
Paraguy
36%
South Africa
36%
Turkey
36%
Algeria
27%
Canada
27%
Curaçao
27%
Czechia
27%
Dr. Congo
27%
England
27%
Haiti
27%
Iran
27%
Ivory Coast
27%
Jordan
27%
Morocco
27%
Netherlands
27%
Scotland
27%
Tunisia
27%
USA
27%
Uzbekistan
27%
Ghana
18%
Qatar
18%
New Zealand
9%
No matching quizzes found
Score Distribution
Percent of People with Each Score
Percentile by Number Answered
Your Score History
You have not taken this quiz